LDR 01028naa#a2200169#i#450# 001 RU\\bibl\121662 005 20260606165507.6 011 ## _a2500-1795 100 ## _a20260525b2026####ek#y0rusy0150####ca 102 ## _aRU 200 1# _aЭКЗИСТЕНЦИАЛЬНАЯ ПРОБЛЕМАТИКА ПОВЕСТИ ИСЛАМА ХАНИПАЕВА «ТИПА Я. ДНЕВНИК СУПЕРКРУТОГО ВОИНА» В КОНТЕКСТЕ РУССКОЙ ЛИТЕРАТУРЫ О ДЕТСТВЕ _eЖурнальная статья 210 1# _aНижневартовск _cФедеральное государственное бюджетное образовательное учреждение высшего образования Нижневартовский государственный университет _d2026 215 ## _a9 с. 608 ## _aЖурнальная статья _2local 675 ## _aРусская литература. 821.161.1 _z 700 #1 _aСебелева _gАнастасия Валериевна 856 4# _avestnik.nvsu.ru _u